[Event "IND-chB 51st"]
[Site "Bhopal"]
[Date "2013.10.21"]
[Round "12"]
[White "Koshy, Varugeese"]
[Black "Ajay, Kumar S"]
[Result "1/2-1/2"]
[WhiteElo "2245"]
[BlackElo "2006"]
[PlyCount "60"]
[EventDate "2013.10.12"]
[EventType "swiss"]
[EventRounds "13"]
[EventCountry "IND"]
[SourceTitle "EXT 2014"]
[Source "ChessBase"]
[SourceDate "2013.11.20"]
[SourceVersion "1"]
[SourceVersionDate "2013.11.20"]
[SourceQuality "1"]

1. e4 c5 2. c3 d5 3. d3 Nc6 4. Nd2 Nf6 5. Ngf3 g6 6. Be2 Bg7 7. 0-0 0-0 8. Re1 c4 9. exd5 cxd3 10. dxc6 dxe2 11. Qxe2 Re8 12. cxb7 Bxb7 13. Nb3 a5 14. Nc5 Bc6 15. Be3 Qc7 16. Rad1 Ng4 17. h3 Nxe3 18. Qxe3 Bxf3 19. gxf3 Rac8 20. Na4 Rb8 21. b3 Rb5 22. c4 Rh5 23. Kg2 Bh6 24. Qd3 Rg5+ 25. Kh1 e6 26. Re4 Rh5 27. Kg2 f5 28. Rd4 Rg5+ 29. Kh1 Rh5 30. Kg2 Rg5+ 1/2-1/2

[Event "IND-ch U15 39th"]
[Site "Kolkata"]
[Date "2013.08.13"]
[Round "10"]
[White "Krishna Teja, N."]
[Black "Ajay, Kumar S"]
[Result "1/2-1/2"]
[WhiteElo "2188"]
[BlackElo "1980"]
[PlyCount "112"]
[EventDate "2013.08.06"]
[EventType "swiss"]
[EventRounds "11"]
[EventCountry "IND"]
[SourceTitle "CBM 155 Extra"]
[Source "ChessBase"]
[SourceDate "2013.08.26"]
[SourceVersion "1"]
[SourceVersionDate "2013.08.26"]
[SourceQuality "1"]

1. Nf3 c5 2. c4 g6 3. Nc3 Bg7 4. g3 e6 5. Bg2 Ne7 6. d3 0-0 7. h4 d5 8. cxd5 Nxd5 9. Bd2 h5 10. Qc1 b6 11. Bg5 Qd7 12. Bh6 Nc6 13. 0-0 Bb7 14. Bxg7 Kxg7 15. Qg5 Rfd8 16. Ne4 Qe7 17. Qxe7 Ndxe7 18. Rfc1 Nf5 19. Kf1 Rac8 20. Bh3 Nfd4 21. Ned2 f5 22. Bg2 Ba6 23. Ng5 e5 24. Bxc6 Rxc6 25. Nb3 Rdc8 26. Ke1 b5 27. Nxd4 exd4 28. Nf3 R6c7 29. b4 Bb7 30. Ng5 Bd5 31. bxc5 Rxc5 32. Rxc5 Rxc5 33. Kd2 b4 34. Rb1 a5 35. Rb2 Rc3 36. Rc2 Kf6 37. f4 Ke7 38. a4 Ra3 39. Rc5 Kd6 40. Rxa5 Ra2+ 41. Kc1 b3 42. Nf3 Bxf3 43. exf3 Rd2 44. g4 Rxd3 45. gxh5 gxh5 46. Rxf5 Rc3+ 47. Kb2 Rc8 48. Rb5 Rc2+ 49. Kxb3 d3 50. Rb8 Kc7 51. Rb4 Rf2 52. Rc4+ Kb6 53. Kc3 Rxf3 54. Rd4 Kc5 55. Rxd3 Rxf4 56. Rg3 Rxh4 1/2-1/2

[Event "IND-ch U15 39th"]
[Site "Kolkata"]
[Date "2013.08.11"]
[Round "8"]
[White "Ajay, Kumar S"]
[Black "Ritviz, Parab"]
[Result "1/2-1/2"]
[WhiteElo "1980"]
[BlackElo "2116"]
[PlyCount "111"]
[EventDate "2013.08.06"]
[EventType "swiss"]
[EventRounds "11"]
[EventCountry "IND"]
[SourceTitle "CBM 155 Extra"]
[Source "ChessBase"]
[SourceDate "2013.08.26"]
[SourceVersion "1"]
[SourceVersionDate "2013.08.26"]
[SourceQuality "1"]

1. d4 Nf6 2. Nf3 g6 3. g3 Bg7 4. Bg2 0-0 5. 0-0 d6 6. c4 Nc6 7. Nc3 a6 8. d5 Na5 9. Nd2 c5 10. Rb1 Ng4 11. Qc2 Ne5 12. b3 Rb8 13. a4 Bd7 14. h3 g5 15. Nde4 g4 16. Ng5 f5 17. hxg4 h6 18. Ne6 Bxe6 19. dxe6 fxg4 20. Bf4 Qe8 21. Bxe5 Bxe5 22. Nd5 Nc6 23. Qe4 Qh5 24. Ne3 Nd4 25. Nxg4 Bg7 26. Bf3 Qg5 27. Ne3 Rf6 28. Qg4 Nxf3+ 29. exf3 Qxg4 30. Nxg4 Rxe6 31. b4 cxb4 32. Rxb4 Bd4 33. Rb3 h5 34. Ne3 Bxe3 35. fxe3 Rc8 36. Rc1 Rc7 37. Rcc3 Re5 38. Kf2 Rec5 39. e4 Kf7 40. Rb4 b5 41. axb5 axb5 42. Ke3 bxc4 43. Kd4 e5+ 44. Ke3 Ke6 45. Rb8 Rc8 46. Rb7 R5c7 47. Rb6 Rg7 48. Kf2 Rgc7 49. Ke3 Rg8 50. Kf2 Rcc8 51. Rb4 Rg7 52. Rbxc4 Rcg8 53. Rc7 Rxg3 54. Rh7 Rg2+ 55. Ke3 Ra8 56. Rh6+ 1/2-1/2

[Event "Commonwealth-ch"]
[Site "Chennai"]
[Date "2012.11.25"]
[Round "4"]
[White "Deepak, Katiyar"]
[Black "Ajay, Kumar S"]
[Result "1-0"]
[WhiteElo "2241"]
[BlackElo "1920"]
[PlyCount "71"]
[EventDate "2012.11.23"]
[EventType "swiss"]
[EventRounds "11"]
[EventCountry "IND"]
[SourceTitle "CBM 151 Extra"]
[Source "ChessBase"]
[SourceDate "2012.12.18"]
[SourceVersion "1"]
[SourceVersionDate "2012.12.18"]
[SourceQuality "1"]

1. e4 c5 2. Nf3 Nc6 3. d4 cxd4 4. Nxd4 g6 5. c4 Bg7 6. Be3 Nf6 7. Nc3 0-0 8. Be2 d6 9. 0-0 Bd7 10. Qd2 a5 11. b3 Nxd4 12. Bxd4 Bc6 13. f3 Nd7 14. Be3 Nc5 15. Rab1 Qb6 16. Rfc1 Qb4 17. Qb2 a4 18. a3 Qxb3 19. Qa1 b5 20. Bxc5 dxc5 21. Rxb3 axb3 22. cxb5 Bd7 23. Bc4 Ra4 24. Bxb3 Rd4 25. Qb1 Rd8 26. Nd5 Bxb5 27. Rxc5 Bd3 28. Qc1 Ba6 29. Nxe7+ Kh8 30. Rd5 Bf6 31. Qc7 Re8 32. Qc6 Rxe7 33. Qxf6+ Kg8 34. Rxd4 Re8 35. Bxf7+ Kf8 36. Be6# 1-0

[Event "Commonwealth-ch"]
[Site "Chennai"]
[Date "2012.11.23"]
[Round "2"]
[White "Krishna, C Revanth Gopala"]
[Black "Ajay, Kumar S"]
[Result "1-0"]
[WhiteElo "2104"]
[BlackElo "1920"]
[PlyCount "43"]
[EventDate "2012.11.23"]
[EventType "swiss"]
[EventRounds "11"]
[EventCountry "IND"]
[SourceTitle "CBM 151 Extra"]
[Source "ChessBase"]
[SourceDate "2012.12.18"]
[SourceVersion "1"]
[SourceVersionDate "2012.12.18"]
[SourceQuality "1"]

1. d4 d5 2. c4 e6 3. Nf3 Nf6 4. g3 Be7 5. Bg2 Nbd7 6. 0-0 0-0 7. Qc2 dxc4 8. Qxc4 Nb6 9. Qc2 Bd7 10. Ne5 Nfd5 11. a3 Rc8 12. e4 Nf6 13. Nc3 c5 14. Rd1 cxd4 15. Rxd4 Bc5 16. Rd3 Qc7 17. Bf4 Nh5 18. Nxd7 Nxf4 19. Nxc5 Nxd3 20. Nxd3 Rfd8 21. Qe2 Rd7 22. e5 1-0